Performance of cinnamon and forage grass + legume mixtures under rubber (Hevea) (Record no. 64709)

MARC details
000 -LEADER
fixed length control field 01350nam a2200157Ia 4500
100 ## - MAIN ENTRY--AUTHOR NAME
Personal name Pathiratna L S S
245 #0 - TITLE STATEMENT
Title Performance of cinnamon and forage grass + legume mixtures under rubber (Hevea)
260 ## - PUBLICATION, DISTRIBUTION, ETC. (IMPRINT)
Name of publisher Papers presented at IRRDB seminar 5-8 November 1996 Sri Lanka p26
520 ## - SUMMARY, ETC.
Summary, etc Two intercropping systems involving rubber/cinnamon and rubber/forage grasses/tree legumes were investigated. Under immature rubber cinnamon reached harvesting age 2 1/2years after establishment. Cinnamon also performed satisfactorily under mature rubber where light availability for cinnamon was ca. 53;day light. These yields under immature rubber were little low but comparable to that of monocrop Cinnamon. Among the two species of grasses the dry matter (DM) yield of Panicum maximum was almost double of that of Brachiaria brizantha during the first two years but the DM yields of both species declined with the growth of rubber trees. The growth and yield of both species of tree legumes was poor in all treatment combinations. The growth of rubber was not affected adversely by these intercrops during the period of study. i. e. 3 and 5 years with Cinnamon and grass respectively.
650 ## - SUBJECT ADDED ENTRY--TOPICAL TERM
Topical Term Cinnamon
650 ## - SUBJECT ADDED ENTRY--TOPICAL TERM
Topical Term Hevea
650 ## - SUBJECT ADDED ENTRY--TOPICAL TERM
Topical Term Intercropping
700 ## - ADDED ENTRY--PERSONAL NAME
Personal name Perera M K P
942 ## - ADDED ENTRY ELEMENTS (KOHA)
Koha item type Journals
Holdings
Withdrawn status Lost status Damaged status Not for loan Home library Current library Shelving location Date acquired Koha item type
      Journals RRII Library RRII Library Soils and agonomy 17/12/2021 Journals